000 00403nam a2200133Ia 4500
008 220217s9999||||xx |||||||||||||| ||und||
020 _a9788131714690
082 _a621.382 2 KAM
100 _aKamen, Edward, W Heck, Bonnies, S
_93453
245 0 _aFundamentals of Signal and Systems
260 _aPearson education asia
_bNew delhi
_c2007
300 _a624
_b499
650 _aSIGNAL PROCESSING
_9719
999 _c181565
_d181565